Statistics for BTS kpop quiz (hard)

Click here to take the quiz!

General Stats

  • This quiz has been taken 9,907 times
    (9,125 since last reset)
  • The average score is 9 of 15

Answer Stats

Questions Answer % Correct
What is Rap Monster's real name?Kim Namjoon
97%
Who was part of a street dance team called Neuron?J-hope
86%
My birthday is on the 9th of March.Suga
85%
Who used to work in a farm?V
84%
Who said that sailor moon was sexy?Jungkook
83%
I scored 104 times on "Jump rope Challenge MBC Show Champion"Jimin
83%
Which BTS member's starsign is Sagittarius?Jin
83%
What is Jungkook's blood type?A
78%
Who would date J-hope if he was a girl?Rap Monster
62%
What musical instruments did V play for 3 years?Saxophone
59%
When was BTS's debut date?June 13, 2013
47%
What would you get if you add up all of BTS members' ages?145
16%
Which members' favorite color is green?V & J-hope
8%
When was their second mini-album Skool Luv Affair released?February 12, 2014
7%
Where was the shooting location for No More Dream?Namyangju
4%

Score Distribution

Percentile by Number Answered

Percent of People with Each Score

Your Score History

You have not taken this quiz since the last reset